Province del Lazio per Popolazione - Statistics

Statistiche generali
  • Questo quiz è stato fatto 21 volte
  • Il punteggio medio è 5 su 5
Statistiche sulle risposte
Popolazione (ab.) Provincia o Città metropolitana % Corretto
4 335 849 Città metropolitana di Roma Capitale
100%
489 083 Provincia di Frosinone
94%
575 254 Provincia di Latina
94%
155 503 Provincia di Rieti
88%
317 030 Provincia di Viterbo
88%
Nessun quiz corrispondente trovato
Distribuzione punteggi
Percentuale di utenti per punteggio
Percentile per numero di risposta
I tuoi punteggi nel tempo
Non hai fatto questo quiz